000 00705nam a2200277Ia 4500
001 16447
003 GE_BSU
008 181216s||||||||xx |||||||||||||| ||und||
020 _a9781780984490
040 _cGE_BSU
080 _a811.111(076)
100 _aEvans Virginia,Jenny Dooley
245 _aPrime Time 3. Workbook & crammar book
245 _bVoorkbook & crammar book
260 _aNewbury
260 _bExpress publishing
260 _c2012
300 _a135p,ill,30cm
541 _h32gel.42t.
653 _agrammar
653 _aPrime Time 3
653 _aWorkbook & crammar book
653 _aგრამატიკა
653 _aინგლისური
942 _cBK
999 _c49518
_d49518